Historia del Congreso Extraordinario Constituyente, 1856-1857 /

Colección documental sobre el Congreso Extraordinario Constituyente desarrollado del 17 de febrero de 1856 al 17 de febrero de 1857, que promulgó la Constitución que regiría en México durante los siguientes sesenta años. Escrita por periodista y político liberal Francisco Zarco (1829-1869), la "Hist...

詳細記述

保存先:
書誌詳細
第一著者: Zarco, Francisco (autor)
その他の著者: Martínez Báez, Antonio (preliminares) (preliminares), Calvillo, Manuel (índice) (índice)
フォーマット: 図書
言語:スペイン語
主題:
タグ: タグ追加
タグなし, このレコードへの初めてのタグを付けませんか!

MARC

LEADER 00000nam^a2200000^a^4500
001 000106380
005 20250521000000.0
009 20260310093534.415
037 |a Acervo ITESO - Biblioteca 
041 |a ESP 
082 |a 972. 046  |b CON V. 1 
100 |a Zarco, Francisco  |e (autor) 
240 1 1 |a [Congreso Constituyente, 1856-1857] 
245 1 0 |a Historia del Congreso Extraordinario Constituyente, 1856-1857 /  |c F. Zarco ; prelim. de A. Martínez Báez ; índice de M. Calvillo. 
264 |a México :  |b El Colegio de México,  |c 1956 
300 |a XXXII, 1421 p. 
336 |a texto  |b txt  |2 rdacontenido 
337 |a sin mediación  |b n  |2 rdamedio 
338 |a volumen  |b nc  |2 rdasoporte 
520 |a Colección documental sobre el Congreso Extraordinario Constituyente desarrollado del 17 de febrero de 1856 al 17 de febrero de 1857, que promulgó la Constitución que regiría en México durante los siguientes sesenta años. Escrita por periodista y político liberal Francisco Zarco (1829-1869), la "Historia del Congreso Extraordinario Constituyente, 1856-1857" reproduce casi completamente el trabajo que Zarco publicó en el periódico "El Siglo XIX" bajo el título de "Crónica Parlamentaria", pese a las pocas y ligeras rectificaciones que algunos diputados hicieran al autor. El resultado, según algunos especialistas, es que la "Historia" preserva la frescura de los hechos redactados en la "Crónica", si bien Zarco eliminó una serie de pequeñas o grandes observaciones circunstanciales o de momento. 
649 |a XX 
650 |a Constitución, 1857 -  |z México -  |x Historia -  |x Tema Principal 
650 |a Constitucionalismo -  |z México -  |x Historia 
650 |a Liberalismo -  |z México -  |x Historia 
650 |a Derecho Constitucional -  |z México -  |x Historia 
650 |a Derecho -  |z México -  |x Historia 
650 |a Política -  |z México -  |x Historia -  |y Constitución y Reforma, 1855-1863 
650 |a Política -  |z México -  |x Historia -  |y Siglo XIX 
650 |a México -  |x Historia Constitucional -  |x Tema Principal 
650 |a México -  |x Historia -  |y Constitución y Reforma, 1855-1863 
650 |a México -  |x Historia -  |y Siglo XIX 
650 |a México -  |x Historia -  |x Documentos 
700 |a Martínez Báez, Antonio  |e (preliminares) 
700 |a Calvillo, Manuel  |e (índice) 
910 |a Fondo Jesús Rodríguez 
920 |a Impresos - Libros 
930 |a Fondos Especiales 
905 |a 113 
901 |a 0500042206  |b IT2  |c ESP  |u 20250521 
902 |a https://opac.biblio.iteso.mx/vufind/Record/000106380